[Event "Titled Tuesday intern op 2nd Aug"]
[Site "Chess.com INT"]
[Date "2016.08.02"]
[Round "9"]
[White "Jarmula, Lukasz"]
[Black "Richter, Alex J"]
[Result "1-0"]
[WhiteElo "2452"]
[BlackElo "2154"]
[PlyCount "61"]
[EventDate "2016.08.02"]
[EventType "swiss (blitz)"]
[EventRounds "9"]
[EventCountry "USA"]
[SourceTitle "EXT 2021"]
[Source "ChessBase"]
[SourceDate "2020.10.23"]
[SourceVersion "1"]
[SourceVersionDate "2020.10.23"]
[SourceQuality "1"]

1. e4 e5 2. Nf3 Nc6 3. Bb5 a6 4. Ba4 Nf6 5. 0-0 b5 6. Bb3 Be7 7. Re1 d6 8. c3 0-0 9. h3 Na5 10. Bc2 c5 11. d4 Qc7 12. d5 Bd7 13. b3 Ne8 14. Be3 g6 15. Nbd2 Ng7 16. a4 Nb7 17. b4 a5 18. axb5 axb4 19. c4 Rfb8 20. Ba4 Bd8 21. Ng5 f6 22. Ngf3 Qc8 23. Nh2 Ra7 24. Ng4 Rba8 25. Nh6+ Kf8 26. f4 Be7 27. Rf1 Nd8 28. fxe5 dxe5 29. d6 Bxd6 30. Rxf6+ Ke7 31. Bg5 1-0

[Event "Titled Tuesday intern op 2nd Aug"]
[Site "Chess.com INT"]
[Date "2016.08.02"]
[Round "8"]
[White "Richter, Alex J"]
[Black "Bian, Alex"]
[Result "0-1"]
[WhiteElo "2154"]
[BlackElo "2300"]
[PlyCount "42"]
[EventDate "2016.08.02"]
[EventType "swiss (blitz)"]
[EventRounds "9"]
[EventCountry "USA"]
[SourceTitle "EXT 2021"]
[Source "ChessBase"]
[SourceDate "2020.10.23"]
[SourceVersion "1"]
[SourceVersionDate "2020.10.23"]
[SourceQuality "1"]

1. e4 c5 2. c3 d5 3. exd5 Qxd5 4. d4 Nc6 5. Nf3 Bf5 6. Be3 Nf6 7. c4 Qd7 8. Nc3 e6 9. d5 Nb4 10. Rc1 Bd6 11. a3 Na6 12. Be2 0-0 13. Nh4 exd5 14. Nxf5 Qxf5 15. cxd5 Nc7 16. 0-0 Rad8 17. Qa4 Nfxd5 18. Nxd5 Nxd5 19. Qxa7 Nxe3 20. fxe3 Qe5 21. g3 Qxe3+ 0-1

[Event "Titled Tuesday intern op 2nd Aug"]
[Site "Chess.com INT"]
[Date "2016.08.02"]
[Round "2"]
[White "Richter, Alex J"]
[Black "Niemann, Hans Moke"]
[Result "1-0"]
[WhiteElo "2154"]
[BlackElo "2298"]
[PlyCount "83"]
[EventDate "2016.08.02"]
[EventType "swiss (blitz)"]
[EventRounds "9"]
[EventCountry "USA"]
[SourceTitle "EXT 2021"]
[Source "ChessBase"]
[SourceDate "2020.10.23"]
[SourceVersion "1"]
[SourceVersionDate "2020.10.23"]
[SourceQuality "1"]

1. e4 e6 2. d4 d5 3. Nc3 Nf6 4. e5 Nfd7 5. f4 c5 6. Nf3 Nc6 7. Be3 cxd4 8. Nxd4 Bc5 9. Qd2 0-0 10. 0-0-0 a6 11. Nb3 Bxe3 12. Qxe3 b5 13. Ne2 Bb7 14. Ned4 Nxd4 15. Nxd4 Qa5 16. Kb1 Rac8 17. Bd3 Rfe8 18. Nf3 Qb6 19. Qe1 Nf8 20. h4 Rcd8 21. h5 d4 22. h6 g6 23. Qh4 Nd7 24. Nh2 Rc8 25. Ng4 Qd8 26. Qg3 Bd5 27. f5 Qg5 28. Nf6+ Qxf6 29. exf6 exf5 30. Bxf5 Be6 31. Bxe6 Rxe6 32. Rxd4 Nxf6 33. Rhd1 Ree8 34. Qf4 Nh5 35. Qf3 a5 36. a3 a4 37. Rd7 f5 38. Qd5+ Kh8 39. Qd4+ Kg8 40. Rg7+ Kf8 41. Qd6+ Re7 42. Qxe7# 1-0

[Event "Saint Louis SPICE Cup op 9th"]
[Site "Saint Louis"]
[Date "2015.10.18"]
[Round "3"]
[White "Richter, Alex J"]
[Black "Nemcova, Katerina"]
[Result "0-1"]
[WhiteElo "2118"]
[BlackElo "2336"]
[PlyCount "58"]
[EventDate "2015.10.17"]
[EventType "swiss"]
[EventRounds "9"]
[EventCountry "USA"]
[SourceTitle "CBM 168 Extra"]
[Source "ChessBase"]
[SourceDate "2015.10.29"]
[SourceVersion "1"]
[SourceVersionDate "2015.10.29"]
[SourceQuality "1"]

1. e4 c5 2. c3 Nf6 3. e5 Nd5 4. d4 cxd4 5. Nf3 d6 6. cxd4 Nc6 7. Bc4 Nb6 8. Bb5 dxe5 9. Nxe5 Bd7 10. Nxd7 Qxd7 11. 0-0 e6 12. Nc3 Rd8 13. Be3 a6 14. Bxc6 Qxc6 15. Qg4 h5 16. Qg3 h4 17. Qg4 Nd5 18. Rac1 Nf6 19. Qe2 h3 20. d5 Nxd5 21. Nxd5 Qxd5 22. gxh3 Bd6 23. Bb6 Rxh3 24. f4 Rd7 25. Rfd1 Qh5 26. Qc2 Qg4+ 27. Kh1 Qxf4 28. Rxd6 Qxd6 29. Qc8+ Rd8 0-1

[Event "Saint Louis SPICE Cup op 9th"]
[Site "Saint Louis"]
[Date "2015.10.18"]
[Round "2"]
[White "Yermolinsky, Alex"]
[Black "Richter, Alex J"]
[Result "1/2-1/2"]
[WhiteElo "2515"]
[BlackElo "2118"]
[PlyCount "101"]
[EventDate "2015.10.17"]
[EventType "swiss"]
[EventRounds "9"]
[EventCountry "USA"]
[SourceTitle "CBM 168 Extra"]
[Source "ChessBase"]
[SourceDate "2015.10.29"]
[SourceVersion "1"]
[SourceVersionDate "2015.10.29"]
[SourceQuality "1"]

1. Nf3 Nf6 2. c4 e6 3. Nc3 b6 4. e4 Bb7 5. d3 d6 6. g3 Be7 7. Bg2 0-0 8. 0-0 c5 9. b3 Nbd7 10. Bb2 d5 11. exd5 exd5 12. Nh4 g6 13. cxd5 Bd6 14. Nb5 Bb8 15. d4 a6 16. Nc3 cxd4 17. Qxd4 Be5 18. Qd2 Rc8 19. Rac1 b5 20. Rfd1 Re8 21. Nf3 b4 22. Na4 Bxb2 23. Rxc8 Qxc8 24. Nxb2 Nxd5 25. Nc4 Qc7 26. Re1 Rxe1+ 27. Qxe1 N7f6 28. Nfe5 Bc8 29. a3 bxa3 30. Qa1 Qc5 31. Qxa3 Qxa3 32. Nxa3 Be6 33. Nd3 Kf8 34. Nc5 Nb4 35. Nxe6+ fxe6 36. Bf1 Ke7 37. Nc4 Ne4 38. f3 Nc5 39. Nd2 a5 40. Bb5 Nd5 41. Kf2 Nc3 42. Bc4 Nd5 43. Bxd5 exd5 44. Ke3 Kd6 45. f4 a4 46. bxa4 Nxa4 47. Nf3 Kc5 48. Ng5 h5 49. Ne6+ Kc4 50. Kd2 Nc5 51. Nxc5 1/2-1/2

[Event "Titled Tuesday intern op 6th Oct"]
[Site "Chess.com INT"]
[Date "2015.10.06"]
[Round "1"]
[White "Richter, Alex J"]
[Black "Sevian, Samuel"]
[Result "0-1"]
[WhiteElo "2118"]
[BlackElo "2556"]
[PlyCount "118"]
[EventDate "2015.10.06"]
[EventType "swiss (blitz)"]
[EventRounds "9"]
[EventCountry "USA"]
[SourceTitle "EXT 2021"]
[Source "ChessBase"]
[SourceDate "2020.10.23"]
[SourceVersion "1"]
[SourceVersionDate "2020.10.23"]
[SourceQuality "1"]

1. e4 a6 2. d4 b5 3. Nf3 Bb7 4. Bd3 e6 5. 0-0 Nf6 6. Bg5 Be7 7. Nbd2 d5 8. Bxf6 Bxf6 9. e5 Be7 10. Re1 c5 11. c3 Nc6 12. Nf1 g5 13. Ng3 g4 14. Nd2 h5 15. a4 b4 16. Rc1 cxd4 17. cxd4 Nxd4 18. Nb3 Nxb3 19. Qxb3 Qb6 20. Qc2 Bg5 21. Qc7 Bd8 22. Qc2 Qd4 23. Rcd1 Qf4 24. Qe2 h4 25. Nf1 Bb6 26. Ne3 g3 27. Bb5+ Kf8 28. Bd3 gxh2+ 29. Kh1 h3 30. g3 d4+ 31. Kxh2 Qxe5 32. Ng4 Qxe2 33. Rxe2 Ke7 34. Ne5 Rac8 35. Be4 Bxe4 36. Rxe4 Rc2 37. Rf4 Rh7 38. Nd3 b3 39. Rh4 Rxh4 40. gxh4 f5 41. Kxh3 Kf6 42. f4 Bc7 43. Kg3 e5 44. fxe5+ Bxe5+ 45. Kf3 Rh2 46. Rc1 Rh3+ 47. Ke2 Bd6 48. Rc6 Ke7 49. Rb6 Rxh4 50. Rxb3 Rh2+ 51. Kf3 Rh3+ 52. Ke2 Re3+ 53. Kd2 f4 54. Rb7+ Ke6 55. Rb6 Kd5 56. Rxa6 f3 57. Ra8 Re2+ 58. Kd1 Ke4 59. Ne1 d3 0-1

[Event "Titled Tuesday intern op 1st Sept"]
[Site "Chess.com INT"]
[Date "2015.09.01"]
[Round "8"]
[White "Protopopova, Anastasiya"]
[Black "Richter, Alex J"]
[Result "0-1"]
[WhiteElo "2102"]
[BlackElo "2102"]
[PlyCount "120"]
[EventDate "2015.09.01"]
[EventType "swiss (blitz)"]
[EventRounds "9"]
[EventCountry "USA"]
[SourceTitle "EXT 2021"]
[Source "ChessBase"]
[SourceDate "2020.10.23"]
[SourceVersion "1"]
[SourceVersionDate "2020.10.23"]
[SourceQuality "1"]

1. Nf3 Nf6 2. c4 e6 3. Nc3 d5 4. d4 Be7 5. Bf4 0-0 6. e3 c5 7. cxd5 Nxd5 8. Nxd5 Qxd5 9. Be2 Nc6 10. 0-0 cxd4 11. exd4 Rd8 12. Be3 Bf6 13. Qc2 Nxd4 14. Nxd4 Bxd4 15. Rfd1 e5 16. Bf3 Qb5 17. Qc7 Be6 18. Bxb7 Rab8 19. Bc6 Qxb2 20. Bxd4 exd4 21. Be4 Qb6 22. Qe5 Qd6 23. Qa5 Qb6 24. Qh5 g6 25. Qe5 Qd6 26. Qa5 Rd7 27. Rab1 Rxb1 28. Rxb1 d3 29. Rd1 d2 30. Bf3 Qd3 31. Qe5 Qd4 32. Qa5 Qb2 33. Qa4 Qxa2 34. Qb4 a5 35. Qb8+ Kg7 36. Qe5+ f6 37. Qb5 Qc4 38. Qxa5 Qc2 39. Qb5 Qb3 40. Qe2 Qc4 41. Rxd2 Rxd2 42. Qxd2 Bg4 43. Bxg4 Qxg4 44. h3 Qe6 45. Qc3 h5 46. Qc7+ Kh6 47. Qf4+ g5 48. Qb4 Kg6 49. Qd2 f5 50. Qc3 f4 51. Qd3+ Qf5 52. Qxf5+ Kxf5 53. g3 f3 54. Kh2 Ke4 55. Kg1 Kd3 56. h4 g4 57. Kf1 Kd2 58. Kg1 Ke2 59. Kh1 Kxf2 60. Kh2 Ke2 0-1

[Event "Titled Tuesday intern op 1st Sept"]
[Site "Chess.com INT"]
[Date "2015.09.01"]
[Round "9"]
[White "Richter, Alex J"]
[Black "Bakr, Hapez"]
[Result "1-0"]
[WhiteElo "2102"]
[BlackElo "1719"]
[PlyCount "67"]
[EventDate "2015.09.01"]
[EventType "swiss (blitz)"]
[EventRounds "9"]
[EventCountry "USA"]
[SourceTitle "EXT 2021"]
[Source "ChessBase"]
[SourceDate "2020.10.23"]
[SourceVersion "1"]
[SourceVersionDate "2020.10.23"]
[SourceQuality "1"]

1. e4 c5 2. c3 d6 3. d4 cxd4 4. cxd4 Nf6 5. Nc3 g6 6. Nf3 Bg7 7. h3 0-0 8. Be2 Nc6 9. 0-0 Bd7 10. Be3 a6 11. Rc1 Rc8 12. d5 Ne5 13. Nxe5 dxe5 14. f3 Qa5 15. a3 Nh5 16. Qe1 Nf4 17. Qf2 Nxe2+ 18. Qxe2 Rxc3 19. bxc3 Qxa3 20. c4 e6 21. Qd2 exd5 22. exd5 f5 23. Bh6 f4 24. Bxg7 Kxg7 25. Rfe1 Qc5+ 26. Qf2 Qd6 27. Red1 b6 28. c5 bxc5 29. Qxc5 Qf6 30. Qa7 Rf7 31. Rc7 Qd6 32. Qc5 Qf6 33. d6 g5 34. Re1 1-0

[Event "Titled Tuesday intern op 7th July"]
[Site "Chess.com INT"]
[Date "2015.07.07"]
[Round "5"]
[White "Richter, Alex J"]
[Black "Santagati, Alessandro"]
[Result "0-1"]
[WhiteElo "2102"]
[BlackElo "2204"]
[PlyCount "124"]
[EventDate "2015.07.07"]
[EventType "swiss (blitz)"]
[EventRounds "9"]
[EventCountry "USA"]
[SourceTitle "EXT 2021"]
[Source "ChessBase"]
[SourceDate "2020.10.23"]
[SourceVersion "1"]
[SourceVersionDate "2020.10.23"]
[SourceQuality "1"]

1. e4 c5 2. c3 d6 3. d4 Nf6 4. Bd3 cxd4 5. cxd4 Nc6 6. Nf3 Bg4 7. d5 Bxf3 8. Qxf3 Ne5 9. Bb5+ Ned7 10. 0-0 a6 11. Ba4 g6 12. Nc3 Bg7 13. Be3 0-0 14. Rac1 b5 15. Bb3 Ne5 16. Qe2 b4 17. Na4 Nfg4 18. Bd4 Qd7 19. Nb6 Qa7 20. Nxa8 Qxd4 21. Nc7 Bh6 22. Rcd1 Qb6 23. Nxa6 Ra8 24. Nxb4 Qxb4 25. f4 Qb6+ 26. Kh1 Ne3 27. fxe5 Nxd1 28. Qxd1 dxe5 29. d6 e6 30. d7 Rd8 31. Qf3 Rxd7 32. h3 Qe3 33. Qxe3 Bxe3 34. Bc4 Rd2 35. b4 Kf8 36. Bb3 Ke7 37. Rd1 Rb2 38. Rf1 f5 39. exf5 exf5 40. Rd1 e4 41. b5 Bb6 42. Rc1 e3 43. Bc4 f4 44. Bd3 Ba5 45. Kg1 e2 46. Bxe2 Rxe2 47. a3 Ra2 48. Rc6 Rxa3 49. Ra6 Bb4 50. Rc6 Kd7 51. Kf2 Bd6 52. Rb6 Rb3 53. Rb7+ Ke6 54. Rxh7 Rxb5 55. Rg7 Kf6 56. Rg8 Rd5 57. Ra8 Rd3 58. Ra6 Kf5 59. Ra5+ Ke4 60. Ra4+ Rd4 61. Ra6 Bc5 62. Rxg6 Rd6+ 0-1

[Event "Titled Tuesday intern op 3rd March"]
[Site "Chess.com INT"]
[Date "2015.03.03"]
[Round "1"]
[White "Meskovs, Nikita"]
[Black "Richter, Alex J"]
[Result "1-0"]
[WhiteElo "2450"]
[BlackElo "2109"]
[PlyCount "91"]
[EventDate "2015.03.03"]
[EventType "swiss (blitz)"]
[EventRounds "9"]
[EventCountry "USA"]
[SourceTitle "EXT 2021"]
[Source "ChessBase"]
[SourceDate "2020.10.23"]
[SourceVersion "1"]
[SourceVersionDate "2020.10.23"]
[SourceQuality "1"]

1. d4 Nf6 2. Nf3 e6 3. c4 Bb4+ 4. Bd2 Qe7 5. g3 Nc6 6. Bg2 Bxd2+ 7. Qxd2 Ne4 8. Qc2 Qb4+ 9. Nbd2 Nxd2 10. Qxd2 Qxc4 11. 0-0 0-0 12. a3 Qd5 13. Rfd1 Qh5 14. b4 d6 15. Rac1 Bd7 16. e4 Rac8 17. h3 e5 18. g4 Qg6 19. dxe5 Rfe8 20. exd6 cxd6 21. Qxd6 Be6 22. b5 Red8 23. Qc5 b6 24. Qe3 Na5 25. Rxc8 Rxc8 26. Ne5 Qf6 27. f4 h6 28. Nc6 Qb2 29. f5 Nxc6 30. bxc6 Bb3 31. Rd2 Qc1+ 32. Kh2 Qc4 33. e5 Ba4 34. Rd4 Qc2 35. e6 Bxc6 36. exf7+ Kh8 37. Qg3 Bxg2 38. Qxg2 Qc7+ 39. Qg3 Qxf7 40. h4 Rc2+ 41. Kh3 Qa2 42. Rd8+ Kh7 43. g5 hxg5 44. hxg5 Qc4 45. g6+ Kh6 46. Rh8# 1-0

[Event "Titled Tuesday intern op 3rd March"]
[Site "Chess.com INT"]
[Date "2015.03.03"]
[Round "3"]
[White "Richter, Alex J"]
[Black "Tarjan, James Edward"]
[Result "0-1"]
[WhiteElo "2109"]
[BlackElo "2493"]
[PlyCount "140"]
[EventDate "2015.03.03"]
[EventType "swiss (blitz)"]
[EventRounds "9"]
[EventCountry "USA"]
[SourceTitle "EXT 2021"]
[Source "ChessBase"]
[SourceDate "2020.10.23"]
[SourceVersion "1"]
[SourceVersionDate "2020.10.23"]
[SourceQuality "1"]

1. e4 c6 2. d4 d5 3. exd5 cxd5 4. c4 e6 5. Nc3 Nf6 6. Nf3 Be7 7. cxd5 Nxd5 8. Bd3 0-0 9. 0-0 Nc6 10. Re1 Nf6 11. Bg5 b6 12. Qe2 Bb7 13. Rad1 Rc8 14. Bb1 Nb4 15. Ne5 Nbd5 16. Nxd5 Qxd5 17. f3 Qd8 18. Qd3 g6 19. a3 Nd7 20. Bh6 Nxe5 21. Rxe5 Bf6 22. Ree1 Re8 23. Ba2 Bd5 24. Bxd5 Qxd5 25. Qe4 Red8 26. Qxd5 Rxd5 27. Be3 Rc4 28. Rc1 Rxc1 29. Rxc1 Bxd4 30. Bxd4 Rxd4 31. Rc7 a5 32. Rb7 Rd1+ 33. Kf2 Rd2+ 34. Kg3 Rxb2 35. a4 h5 36. h4 Kg7 37. Kh3 Kf6 38. g4 hxg4+ 39. Kxg4 Rb4+ 40. Kg3 Rxa4 41. Rxb6 Rb4 42. Ra6 a4 43. Ra5 e5 44. Ra7 Ke6 45. Ra6+ Kf5 46. Ra7 f6 47. Ra6 Rc4 48. Ra5 Rb4 49. Ra6 e4 50. fxe4+ Rxe4 51. Ra5+ Ke6 52. Ra6+ Kf7 53. Ra7+ Kg8 54. Ra6 Kg7 55. Ra7+ Kh6 56. Ra8 f5 57. Rh8+ Kg7 58. Ra8 Rg4+ 59. Kh3 Rb4 60. Kg3 Kf6 61. Ra6+ Kg7 62. Ra7+ Kh6 63. Ra8 Rb3+ 64. Kf4 Rh3 65. Ke5 Rxh4 66. Kf6 Kh5 67. Rh8+ Kg4 68. Ra8 Kg3 69. Kxg6 f4 70. Rxa4 f3 0-1

[Event "US Open-114"]
[Site "Middleton"]
[Date "2013.07.31"]
[Round "5"]
[White "Molner, Mackenzie"]
[Black "Richter, Alex J"]
[Result "1-0"]
[WhiteElo "2501"]
[BlackElo "1970"]
[PlyCount "71"]
[EventDate "2013.07.27"]
[EventType "swiss"]
[EventRounds "9"]
[EventCountry "USA"]
[SourceTitle "CBM 155 Extra"]
[Source "ChessBase"]
[SourceDate "2013.08.26"]
[SourceVersion "1"]
[SourceVersionDate "2013.08.26"]
[SourceQuality "1"]

1. d4 Nf6 2. c4 e6 3. Nf3 Bb4+ 4. Bd2 Qe7 5. g3 0-0 6. Bg2 Nc6 7. Nc3 Bxc3 8. Bxc3 Ne4 9. Rc1 d6 10. d5 Nxc3 11. Rxc3 Nd8 12. 0-0 c5 13. dxe6 Bxe6 14. Ne1 Rb8 15. b3 Nc6 16. Nd3 Nb4 17. Nxb4 cxb4 18. Rd3 Rfd8 19. Qd2 b5 20. cxb5 Rxb5 21. Rd1 Rb6 22. Rd4 a5 23. Bd5 g6 24. Re4 Qd7 25. Bxe6 fxe6 26. Qe3 Rbb8 27. Rxe6 Re8 28. Rdxd6 Qxd6 29. Rxe8+ Rxe8 30. Qxe8+ Kg7 31. Kg2 Qd5+ 32. e4 Qd3 33. Qe5+ Kh6 34. Qe7 Qc2 35. h4 Qb1 36. g4 1-0